000
00295nam a2200109Ia 4500
008
190912s9999||||xx |||||||||||||| ||und||
100
_a
S.Nadeem Shah
245
0
_a
Excellent Excel 1 Advanced with basic Control 200 to XP
260
_a
Karachi
_b
Petiwala Book
_c
2001
300
_a
405
942
_c
BK
999
_c
7555
_d
7555